<?xml version="1.0" encoding="UTF-8"?>
<record
    xmlns:xsi="http://www.w3.org/2001/XMLSchema-instance"
    xsi:schemaLocation="http://www.loc.gov/MARC21/slim http://www.loc.gov/standards/marcxml/schema/MARC21slim.xsd"
    xmlns="http://www.loc.gov/MARC21/slim">

  <leader>01895nam a2200409 a 4500</leader>
  <datafield tag="999" ind1=" " ind2=" ">
    <subfield code="c">7802</subfield>
    <subfield code="d">7802</subfield>
  </datafield>
  <controlfield tag="001">991048479149706706</controlfield>
  <controlfield tag="003">OSt</controlfield>
  <controlfield tag="005">20231024145056.0</controlfield>
  <controlfield tag="008">990604s1998    spc||||||    o110 ||cat  </controlfield>
  <datafield tag="015" ind1=" " ind2=" ">
    <subfield code="a">LL1999</subfield>
    <subfield code="2">bnc</subfield>
  </datafield>
  <datafield tag="017" ind1=" " ind2=" ">
    <subfield code="a">DL B. 48324-1998</subfield>
    <subfield code="b">Biblioteca de Catalunya</subfield>
  </datafield>
  <datafield tag="020" ind1=" " ind2=" ">
    <subfield code="a">8495166062</subfield>
  </datafield>
  <datafield tag="035" ind1=" " ind2=" ">
    <subfield code="a">(ES-BaCBU).b22756711</subfield>
  </datafield>
  <datafield tag="035" ind1=" " ind2=" ">
    <subfield code="a">(OCoLC)807392241</subfield>
  </datafield>
  <datafield tag="040" ind1=" " ind2=" ">
    <subfield code="a">ES-BaBC</subfield>
    <subfield code="b">cat</subfield>
    <subfield code="c">CDMR</subfield>
  </datafield>
  <datafield tag="043" ind1=" " ind2=" ">
    <subfield code="a">e-sp---</subfield>
    <subfield code="b">e-spc--</subfield>
    <subfield code="2">catmarc</subfield>
  </datafield>
  <datafield tag="080" ind1=" " ind2=" ">
    <subfield code="a">316.77 (061.3)</subfield>
  </datafield>
  <datafield tag="080" ind1=" " ind2=" ">
    <subfield code="a">654.19(467.1)(061.3)</subfield>
  </datafield>
  <datafield tag="090" ind1=" " ind2=" ">
    <subfield code="a">P87.2</subfield>
    <subfield code="b">.C525 1998</subfield>
  </datafield>
  <datafield tag="245" ind1="0" ind2="4">
    <subfield code="a">Els Mitjans de comunicaci&#xF3; i la societat de la informaci&#xF3; :</subfield>
    <subfield code="b">Cicle Joan Costa i Deu : del 5 al 21 de maig de 1998 /</subfield>
    <subfield code="c">[Joan Brunet i Mauri ... [et al.]]</subfield>
  </datafield>
  <datafield tag="260" ind1=" " ind2=" ">
    <subfield code="a">[Sabadell :</subfield>
    <subfield code="b">Fundaci&#xF3; Caixa de Sabadell],</subfield>
    <subfield code="c">1998</subfield>
  </datafield>
  <datafield tag="300" ind1=" " ind2=" ">
    <subfield code="a">57 p. ;</subfield>
    <subfield code="c">30 cm</subfield>
  </datafield>
  <datafield tag="490" ind1="1" ind2=" ">
    <subfield code="a">Aula de ci&#xE8;ncia i cultura ;</subfield>
    <subfield code="v">7</subfield>
  </datafield>
  <datafield tag="505" ind1=" " ind2=" ">
    <subfield code="a">Cont&#xE9; contribucions de: Joan Brunet, Lloren&#xE7; Gomis, Antonio Franco, Salvador Alsius, Antoni Esteve, Jaume Guillamet, Ramon Rodr&#xED;guez, Joan Cal i Dolors Altarriba.</subfield>
  </datafield>
  <datafield tag="650" ind1=" " ind2="7">
    <subfield code="a">Periodisme</subfield>
    <subfield code="z">Catalunya</subfield>
    <subfield code="x">Congressos.</subfield>
    <subfield code="2">lemac</subfield>
  </datafield>
  <datafield tag="650" ind1=" " ind2="7">
    <subfield code="a">Mitjans de comunicaci&#xF3; de massa</subfield>
    <subfield code="z">Catalunya</subfield>
    <subfield code="x">Aspectes socials</subfield>
    <subfield code="x">Congressos.</subfield>
    <subfield code="2">lemac</subfield>
  </datafield>
  <datafield tag="650" ind1=" " ind2="7">
    <subfield code="a">Societat de la informaci&#xF3;</subfield>
    <subfield code="z">Catalunya</subfield>
    <subfield code="x">Aspectes socials</subfield>
    <subfield code="x">Congressos.</subfield>
    <subfield code="2">lemac</subfield>
  </datafield>
  <datafield tag="700" ind1="1" ind2=" ">
    <subfield code="a">Brunet i Mauri, Joan</subfield>
    <subfield code="9">3869</subfield>
  </datafield>
  <datafield tag="711" ind1="2" ind2=" ">
    <subfield code="a">Cicle Joan Costa i Deu</subfield>
    <subfield code="d">(1998 :</subfield>
    <subfield code="c">Sabadell)</subfield>
  </datafield>
  <datafield tag="830" ind1=" " ind2="0">
    <subfield code="a">Aula de ci&#xE8;ncia i cultura ;</subfield>
    <subfield code="v">7</subfield>
  </datafield>
  <datafield tag="907" ind1=" " ind2=" ">
    <subfield code="a">.b22756711</subfield>
    <subfield code="b">16-06-21</subfield>
    <subfield code="c">07-05-08</subfield>
    <subfield code="d">07-05-08</subfield>
    <subfield code="e">m</subfield>
    <subfield code="f">a</subfield>
    <subfield code="g">-</subfield>
    <subfield code="h">cat</subfield>
    <subfield code="i">spc</subfield>
    <subfield code="j">4</subfield>
    <subfield code="k">20</subfield>
  </datafield>
  <datafield tag="908" ind1=" " ind2=" ">
    <subfield code="a">BMON</subfield>
    <subfield code="a">AHCB</subfield>
    <subfield code="a">AHS</subfield>
    <subfield code="a">BC</subfield>
    <subfield code="a">CLR</subfield>
    <subfield code="a">FBC</subfield>
    <subfield code="a">UAB</subfield>
    <subfield code="a">UB</subfield>
    <subfield code="a">UPF</subfield>
    <subfield code="a">UPC</subfield>
    <subfield code="a">URL</subfield>
    <subfield code="a">GEPA</subfield>
    <subfield code="a">URV</subfield>
    <subfield code="a">FJM</subfield>
    <subfield code="a">RABL</subfield>
  </datafield>
  <datafield tag="940" ind1=" " ind2=" ">
    <subfield code="a">BC</subfield>
  </datafield>
  <datafield tag="942" ind1=" " ind2=" ">
    <subfield code="2">udc</subfield>
    <subfield code="c">MON</subfield>
  </datafield>
  <datafield tag="949" ind1=" " ind2=" ">
    <subfield code="a">1003009271</subfield>
    <subfield code="b">4art 213-6</subfield>
    <subfield code="c">1</subfield>
    <subfield code="d">0</subfield>
    <subfield code="e">0</subfield>
    <subfield code="f">18.03.05</subfield>
    <subfield code="g">1</subfield>
    <subfield code="k">1300</subfield>
    <subfield code="m">18.03.05</subfield>
    <subfield code="n">18.03.05</subfield>
    <subfield code="o">0</subfield>
    <subfield code="p">Fons: Biblioteca AHS (R. 9669)</subfield>
  </datafield>
  <datafield tag="949" ind1=" " ind2=" ">
    <subfield code="a">1009100404</subfield>
    <subfield code="b">B 3/2/119</subfield>
    <subfield code="c">1</subfield>
    <subfield code="d">0</subfield>
    <subfield code="e">0</subfield>
    <subfield code="f">10.02.06</subfield>
    <subfield code="g">1</subfield>
    <subfield code="k">1900</subfield>
    <subfield code="m">10.02.06</subfield>
    <subfield code="n">10.02.06</subfield>
    <subfield code="o">0</subfield>
    <subfield code="p">Fons: Biblioteca (R.8042)</subfield>
  </datafield>
  <datafield tag="952" ind1=" " ind2=" ">
    <subfield code="0">0</subfield>
    <subfield code="1">0</subfield>
    <subfield code="4">0</subfield>
    <subfield code="7">0</subfield>
    <subfield code="a">CDMR</subfield>
    <subfield code="b">CDMR</subfield>
    <subfield code="d">2023-10-24</subfield>
    <subfield code="e">Donaci&#xF3;</subfield>
    <subfield code="l">0</subfield>
    <subfield code="o">Cc 5.1/35</subfield>
    <subfield code="p">CDMR23100023</subfield>
    <subfield code="r">2023-10-24</subfield>
    <subfield code="w">2023-10-24</subfield>
    <subfield code="y">MON</subfield>
  </datafield>
</record>
